000 00574nam a2200205Ia 4500
005 20250508164605.0
008 008 250505s9999 xx 000 0 eng d
037 _aReference
040 _aFEDL
_beng
_cFEDL
041 _aeng
_2eng
084 _a372.8, MAX/RR
_qFEDL
100 _aMaxim George W
_9778552
245 0 _aSocial studies and the elementary school child
250 _a3rd
260 _aColumbus
_bMerrill Publishing Company
_c1987
300 _axii,448p.
546 _aMACESE
942 _cREF
_h372.8, MAX/RR
999 _c1390000
_d1390000